00679nam a22001457a 4500008004100000020001800041050001600059100004400075245009300119260003300212300001700245505021100262650001800473700004200491210818s mx ||||| |||| 00| 0 spa d a9786076674048 aLC1043bC37 aCastellanos Torres, Jorge Raúleautor aOrientación activa 2c/ Jorge Raúl Castellanos Torres : Alejandro Castellanos Torres aMéxicob: Brevia ediciones a80 páginas a1. Construcción de la identidad en el mundo complejo y cambiante 2. Deconstrucción de las identidades profesionales y laborales 3. Desiciones en los diversos y cambiantes escenarios ocupacionales 0aORIENTACIÓN aCastellanos Torres, Alejandrocautor